Coping with U.S.-Japanese economic conflicts /

Bibliographic Details
Other Authors: Destler, I. M., Sato, Hideo, 1942-
Format: Book
Language:English
Published: Lexington, Mass. : Lexington Books, [1982]
Subjects:

MARC

Tag First Indicator Second Indicator Subfields
LEADER 00000pam a2200000 a 4500
001 in00000074996
005 20151008060239.0
008 811023s1982 maua b 00000 eng
010 |a  81047897  
020 |a 0669051446 
035 |a (OCoLC)07836343 
035 |9 AAJ5389AM 
039 0 |a 2  |b 3  |c 3  |d 3  |e 3 
040 |a DLC  |c DLC  |d TXA  |d UtOrBLW 
043 |a a-ja---  |a n-us--- 
049 |a TXAM  |c [1672975] 
050 0 0 |a HF1456.5.J3  |b C66 
082 0 |a 382/.0973/052  |2 19 
245 0 0 |a Coping with U.S.-Japanese economic conflicts /  |c edited by I.M. Destler, Hideo Sato. 
264 1 |a Lexington, Mass. :  |b Lexington Books,  |c [1982] 
264 4 |c ©1982 
300 |a viii, 293 pages :  |b illustrations ;  |c 24 cm. 
336 |a text  |b txt  |2 rdacontent 
337 |a unmediated  |b n  |2 rdamedia 
338 |a volume  |b nc  |2 rdacarrier 
504 |a Includes bibliographies. 
505 0 |a Introduction / I.M. Destler and Hideo Sato -- The U.S.-Japanese steel issue of 1977 / Hideo Sato and Michael W. Hodin -- The politics of U.S.-Japanese auto trade / Gilbert R. Winham and Ikuo Kabashima -- Agricultural trade, the case of beef and citrus / Hideo Sato and Timothy J. Curran -- Politics and high technology, the NTT case / Timothy J. Curran -- Locomotives on different tracks, macroeconomic diplomacy, 1977-1979 / I.M. Destler and Hisao Mitsuyu -- Coping with economic conflicts / I.M. Destler and Hideo Sato. 
651 0 |a United States  |x Foreign economic relations  |z Japan  |x Case studies. 
651 0 |a Japan  |x Foreign economic relations  |z United States  |x Case studies. 
651 0 |a United States  |x Commerce  |z Japan  |x Case studies. 
651 0 |a Japan  |x Commerce  |z United States  |x Case studies. 
700 1 |a Destler, I. M. 
700 1 |a Sato, Hideo,  |d 1942- 
999 |a MARS 
999 f f |s 910a1cda-4c9f-3ed0-8431-7dce73ed348e  |i bd34e5db-6f0c-34bf-badd-0cd5eabf4225  |t 0 
952 f f |p ric  |a Texas A&M University  |b Rellis Campus  |c Joint Library Facility  |d Remote Storage  |t 0  |e HF1456.5.J3 C66  |h Library of Congress classification  |i unmediated -- volume  |m A14806133743 
998 f f |a HF1456.5.J3 C66  |t 0  |l Remote Storage